Normal view
MARC view
Entry Personal Name
001 - CONTROL NUMBER
- control field: 45601
003 - CONTROL NUMBER IDENTIFIER
- control field: OSt
005 - DATE AND TIME OF LATEST TRANSACTION
- control field: 20240603171721.0
008 - FIXED-LENGTH DATA ELEMENTS
- fixed length control field: 240603|| aca||aabn | a|a d
040 ## - CATALOGING SOURCE
- Original cataloging agency: OSt
- Transcribing agency: OSt
100 ## - HEADING--PERSONAL NAME
- Personal name: Ankit, Rakesh
670 ## - SOURCE DATA FOUND
- Source citation: Work cat.: (OSt)524178: Ankit, Rakesh , Probing early Pakistan: East Bengal politicians and their exchanges with prime minister Liaquat Ali khan, 1947–51
